La Ligue 1 - Statistiques

Statistiques générales
  • Ce quiz a été pris 61 fois
  • Le résultat moyen est 12 sur 20
Statistiques - réponses
Question Réponse % Correct
Quel club détient le plus grand nombre de titres en Ligue 1 (13 titres) ? PSG
91%
Quel club a remporté sept titres consécutifs de Ligue 1 au début des années 2000 ? Lyon
89%
Quel club français a remporté la Ligue des champions au 20éme siècle ? Marseille
88%
Avec combien de clubs Mbappé a-t-il marqué ses 191 buts en L1 (à fin 2024) ? 2
86%
Qui est le meilleur buteur de PSG en Ligue 1 ? Mbappé
86%
Quel club a gagné la Ligue 1 en 2011–12, une première de son histoire ? Montpellier
84%
Quel club a 10 titres de Ligue 1, dont la majorité dans les années 60–70 ? AS Saint‑Étienne
82%
Quel club a réalisé un record de 26 matchs invaincus en 2023–24 ? PSG
80%
Quel club a remporté huit titres de Ligue 1, dont un en 2016–17 récemment ? Monaco
75%
Quelle équipe championne de Ligue 1 lors de la saison 1954-55 a atteint la finale de la première Ligue des Champions la saison d'après en s'inclinant contre le Real Madrid ? Reims
75%
Qui est le 3ᵉ meilleur buteur historique de Ligue 1 (216 buts) ? Hervé Revelli
55%
Quand a eu lieu la première saison professionnelle de Ligue 1 ? 1932-33
50%
Quel joueur a obtenu cinq fois le titre de meilleur buteur de Ligue 1 (excepté Mbappé) ? Jean-Pierre Papin
48%
Quel ancien joueur a inscrit 138 buts en Ligue 1 avant d’être dépassé par Mbappé ? Cavani
46%
Quel club a remporté le championnat de France en 1995–96 ? Auxerre
45%
Qui a marqué 255 buts en Ligue 1 et est deuxième meilleur buteur historique ? Bernard Lacombe
38%
Qui est le meilleur buteur de l’histoire de la Ligue 1 (299 buts) ? Delio Onnis
38%
Combien de titres consécutifs de meilleur buteur a obtenu Kylian Mbappé ? 6
25%
Quel a été le plus jeune buteur de l’histoire de la Ligue 1 (à 16 ans et 105 jours) ? Richard Krawczyk
23%
Quel club détient le record de podiums en Ligue 1 (31 podiums) ? Monaco
18%
Aucun quiz correspondant
Distribution des résultats
% des personnes avec chaque résultat
Percentile par nombre de réponses
Votre historique - résultats
Vous n’avez pas pris ce quiz